[Event "1st Dragon Capital Vietnam Open"]
[Site "Vung Tau VIE"]
[Date "2008.08.27"]
[Round "2"]
[White "Nguyen Quynh Anh"]
[Black "Zaw Oo"]
[Result "1-0"]
[WhiteElo "2098"]
[BlackElo "2485"]

1.e4 c5 2.Nf3 Nc6 3.d4 cxd4 4.Nxd4 Qc7 5.Nc3 e6 6.Be2 Nf6 7.O-O a6 8.a4 Bb4
9.Qd3 O-O 10.Bg5 Be7 11.Bh4 Ne5 12.Qg3 d6 13.Rad1 Ng6 14.Bg5 Kh8 15.Kh1 Ne8
16.Bc1 Bd7 17.f4 Rd8 18.Bh5 Bf6 19.f5 Ne5 20.Bxf7 Nxf7 21.fxe6 Bc6 22.exf7 Rxf7
23.Ne6 Qe7 24.Nxd8  1-0

[Event "44th Rubinstein Mem Open A"]
[Site "Polanica Zdroj POL"]
[Date "2008.08.28"]
[Round "10"]
[White "Plonczak,D"]
[Black "Zakoscielna,K"]
[Result "1-0"]
[WhiteElo "2162"]
[BlackElo "2125"]

1.e4 c5 2.Nf3 Nc6 3.d4 cxd4 4.Nxd4 Qb6 5.Nb3 Nf6 6.Be3 Qc7 7.Bd3 d5 8.Nc3 dxe4
9.Nxe4 Ng4 10.Qe2 Nxe3 11.Qxe3 e5 12.Qg3 f5 13.Ng5 h6 14.Nh7 Rxh7 15.Qg6+ Qf7
16.Qxh7 Bd7 17.O-O-O O-O-O 18.Bb5 Re8 19.h4 a6 20.Be2 Be7 21.h5 Bg5+ 22.Kb1 Be6
23.Qg6 Qe7 24.Nc5 Bf6 25.Nxe6 Qxe6 26.Bc4 Qe7 27.Qxf5+ Kb8 28.Qd7 e4 29.Qxe7 Rxe7
30.Bd5 e3 31.fxe3 Rxe3 32.Bxc6 bxc6 33.Rhe1 Rg3 34.Rd7  1-0

[Event "ch-ISL"]
[Site "Reykjavik ISL"]
[Date "2008.08.29"]
[Round "3"]
[White "Olafsson,Thorv"]
[Black "Thorhallsson,T"]
[Result "0-1"]
[WhiteElo "2177"]
[BlackElo "2449"]

1.e4 c5 2.Nf3 Nc6 3.d4 cxd4 4.Nxd4 Qb6 5.Nb3 Nf6 6.Nc3 e6 7.Be3 Qc7 8.a3 d6
9.f4 a6 10.g4 b5 11.Qe2 Be7 12.Bg2 Bb7 13.h3 Nd7 14.Qf2 O-O 15.O-O b4 16.axb4 Nxb4
17.Na5 Bc8 18.g5 Re8 19.f5 Ne5 20.Bb6 Qd7 21.Ra4 Nbc6 22.f6 Bf8 23.fxg7 Bxg7
24.Nxc6 Qxc6 25.Ra5 Rf8 26.Bd4 Rb8 27.Ra2 Rb4 28.Ne2 Qxc2 29.Rc1 Qd3 30.Ra3 Qb5
31.Bc3 Nd3 32.Qe3 Nxc1 33.Nxc1 Bxc3 34.Rxc3 Rxb2 35.Nd3  0-1

[Event "ch-ISL"]
[Site "Reykjavik ISL"]
[Date "2008.08.29"]
[Round "3"]
[White "Ulfarsson,M"]
[Black "Thorfinnsson,Br"]
[Result "0-1"]
[WhiteElo "2403"]
[BlackElo "2387"]

1.e4 c5 2.Nf3 Nc6 3.d4 cxd4 4.Nxd4 Qb6 5.Nb3 Nf6 6.Nc3 e6 7.Bd3 Be7 8.Qe2 d6
9.f4 a6 10.g4 Qc7 11.g5 Nd7 12.Be3 b5 13.O-O-O Nc5 14.Kb1 Bb7 15.Rhe1 Na4
16.Nxa4 bxa4 17.Nd4 Nxd4 18.Bxd4 e5 19.Be3 a3 20.f5 axb2 21.f6 gxf6 22.gxf6 Bf8
23.Bc4 h5 24.Bb3 Bc8 25.Qf2 Rb8 26.Rd5 Bd7 27.Red1 a5 28.a4 Bc6 29.Qd2 Bxd5
30.Bxd5 Rg8 31.Qe2 Rg6 32.Qxh5 Qd7 33.Bb3 Qg4 34.Qxg4 Rxg4 35.Bd5 Rc8 36.Kxb2 Rg6
37.Rf1 Bh6 38.Bxh6 Rxh6 39.Rf2 Kd7 40.Bxf7 Rf8 41.Bd5 Rfxf6 42.Rg2 Rhg6 43.Re2 Rf3
44.h4 Kc7 45.h5 Rh6 46.Rg2 Rxh5 47.Rg7+ Kb6 48.Rb7+ Ka6 49.Rc7 Rh6 50.Rc6+ Ka7
51.Bc4 Rf4 52.Ra6+ Kb8 53.Bd5 Rf2 54.Bc4 Rd2 55.Bd3 Rg2 56.Rxa5 Rg7 57.Bc4 Rb7+
58.Kc3 Rc7 59.Rb5+ Ka7 60.Ra5+ Kb8 61.Rb5+ Kc8 62.Kb4 Rh4 63.Bd3 Rh1 64.Ra5 Rb1+
65.Ka3 Rc3+ 66.Ka2 Rb4 67.Ra8+ Kb7 68.Ra5 Rc5 69.Ra6 Rxc2+ 70.Ka3 Rcb2  0-1

[Event "TCh-MNE Premier"]
[Site "Herceg Novi MNE"]
[Date "2008.08.30"]
[Round "6"]
[White "Podlesnik,B"]
[Black "Miladinovic,I"]
[Result "0-1"]
[WhiteElo "2385"]
[BlackElo "2571"]

1.e4 c5 2.Nf3 Nc6 3.d4 cxd4 4.Nxd4 Qc7 5.Nc3 e6 6.f4 a6 7.Be2 b5 8.Nxc6 Qxc6
9.Bf3 Bb7 10.Be3 Rc8 11.a3 Qc4 12.Qd4 Qxd4 13.Bxd4 Ne7 14.O-O-O h5 15.Rhe1 h4
16.Kb1 f6 17.a4 b4 18.Na2 Nc6 19.Bb6 g5 20.fxg5 fxg5 21.e5 Nd8 22.Bxb7 Nxb7
23.Re4 h3 24.g3 a5 25.Be3 Be7 26.c3 Rf8 27.cxb4 Rf3 28.b5 d5 29.exd6 Nxd6
30.Rxe6 Kf7 31.Rxe7+ Kxe7 32.Bxg5+ Ke6 33.Nc3 Nc4 34.Bf4 Rf2 35.Re1+ Kf7
36.Re2 Rg2 37.g4 Nb6 38.Re1 Rc4 39.Ne4 Kg6 40.Bg3 Nxa4 41.Nd6 Rxb2+ 42.Ka1 Rcc2
43.Re6+ Kg5 44.Ne4+ Kxg4 45.Nf2+ Kf3  0-1

[Event "2nd Euwe Stimulans"]
[Site "Sao Paulo BRA"]
[Date "2008.08.30"]
[Round "8"]
[White "Matsuura,E"]
[Black "Van der Wiel,J"]
[Result "1/2-1/2"]
[WhiteElo "2463"]
[BlackElo "2504"]

1.e4 c5 2.Nf3 Nc6 3.d4 cxd4 4.Nxd4 Qb6 5.Nb3 Nf6 6.Nc3 e6 7.Bd3 d6 8.O-O a6
9.Kh1 Qc7 10.f4 b5 11.a3 Be7 12.Qf3 O-O 13.Bd2 Rb8 14.Rae1 b4 15.Nd5 exd5
16.exd5 Na7 17.axb4 Bb7 18.c4 Rbe8 19.Bc3 Bd8 20.Qg3 Rxe1 21.Rxe1 g6  1/2-1/2

[Event "16th Nikea Open"]
[Site "Athens GRE"]
[Date "2008.08.31"]
[Round "8"]
[White "Klokas,K"]
[Black "Kalogiannidis,I"]
[Result "0-1"]
[WhiteElo "2167"]
[BlackElo "1999"]

1.e4 c5 2.Nf3 Nc6 3.d4 cxd4 4.Nxd4 Qb6 5.Nb3 Nf6 6.Nc3 e6 7.Qe2 d6 8.g4 Be7
9.Be3 Qc7 10.O-O-O a6 11.Bg2 b5 12.a3 Bb7 13.g5 Nd7 14.f4 b4 15.axb4 Nxb4
16.f5 exf5 17.exf5 O-O 18.f6 gxf6 19.Bd4 Ne5 20.Bxb7 Qxb7 21.gxf6 Bxf6 22.Ne4 Bg7
23.Rhg1 Ng6 24.Bxg7 Kxg7 25.Nxd6 Qc6 26.Nd4  0-1

[Event "SuperLiga-ROM"]
[Site "Eforie Nord ROM"]
[Date "2008.09.01"]
[Round "1"]
[White "Duca,A"]
[Black "Chirila,I"]
[Result "0-1"]
[WhiteElo "2059"]
[BlackElo "2425"]

1.e4 c5 2.Nf3 Nc6 3.d4 cxd4 4.Nxd4 Qb6 5.Nb3 Nf6 6.Nc3 e6 7.Bd3 Qc7 8.O-O a6
9.f4 d6 10.Qf3 Be7 11.Be3 O-O 12.Rae1 Nb4 13.a3 Nxd3 14.cxd3 Bd7 15.Rc1 Qd8
16.Nd4 e5 17.Nf5 Bxf5 18.exf5 Qd7 19.Nd5 Bd8 20.g4 Re8 21.fxe5 Nxd5 22.Qxd5 Rxe5
23.Qf3 Qb5 24.d4 Re8 25.Qf2 Re4 26.h3 Bh4 27.Qd2 Rae8 28.Rc3 Qd5 29.Rfc1 h5
30.Qg2 Qb5 31.Qf3 Qxb2 32.Rc8 Kh7 33.Rxe8 Rxe8 34.g5 Qxa3 35.Qxh5+ Kg8 36.Bf4 Qxh3  0-1

[Event "SuperLiga-ROM"]
[Site "Eforie Nord ROM"]
[Date "2008.09.05"]
[Round "5"]
[White "Ocnarescu,V"]
[Black "Chirila,I"]
[Result "0-1"]
[WhiteElo "2184"]
[BlackElo "2425"]

1.e4 c5 2.Nf3 Nc6 3.d4 cxd4 4.Nxd4 Qb6 5.Nb3 Nf6 6.Nc3 e6 7.Bd3 Qc7 8.O-O a6
9.Be3 d6 10.f4 Be7 11.Qf3 O-O 12.Rae1 b5 13.e5 dxe5 14.fxe5 Nxe5 15.Qxa8 Neg4
16.g3 Nxe3 17.Rxe3 Qb6 18.Qf3 Bb7 19.Qe2 Ng4 20.Qxg4 Qxe3+ 21.Rf2 Bd8 22.Nd1 Qe1+
23.Rf1 Bb6+ 24.Nf2 Bxf2+  0-1

[Event "XXV Aniversario"]
[Site "Parla ESP"]
[Date "2008.09.06"]
[Round "1"]
[White "Garcia Ruiz Fuentes,A"]
[Black "Abul,Q"]
[Result "0-1"]
[WhiteElo "2056"]
[BlackElo "2043"]

1.e4 c5 2.Nf3 Nc6 3.d4 cxd4 4.Nxd4 Qc7 5.Nc3 e6 6.Be3 a6 7.Qd2 Nf6 8.f3 Bb4
9.a3 Be7 10.O-O-O Ne5 11.h4 b5 12.Qf2 Bb7 13.Nb3 Rc8 14.Bd4 Nc6 15.Be3 Ne5
16.Bd4 d6 17.Kb1 O-O 18.Be2 Ba8 19.g4 Nc4 20.Bxc4 bxc4 21.Nd2 d5 22.exd5 Nxd5
23.Nde4 Rb8 24.Nxd5 exd5 25.Nc5 Qc6 26.Rhe1 Bd6 27.Ka2 Rfc8 28.b4 cxb3+ 29.Nxb3 Qxc2+
30.Qxc2 Rxc2+ 31.Bb2 Bg3 32.Re7 Bxh4 33.Ra7 Bf6 34.Rb1 d4 35.f4 Bd5 36.g5 Rxb3
37.Ka1 Rxa3+  0-1

[Event "3rd PGMA Cup"]
[Site "Manila PHI"]
[Date "2008.09.08"]
[Round "2"]
[White "Goh Weiming"]
[Black "Pacis,A"]
[Result "1/2-1/2"]
[WhiteElo "2403"]
[BlackElo "2278"]

1.e4 c5 2.Nf3 Nc6 3.d4 cxd4 4.Nxd4 Qb6 5.Nb3 Nf6 6.Nc3 e6 7.Qe2 d6 8.g4 Be7
9.Be3 Qc7 10.g5 Nd7 11.O-O-O a6 12.Bg2 Rb8 13.f4 b5 14.Qf2 Nb6 15.Kb1 b4
16.Ne2 a5 17.Nbd4 Nxd4 18.Nxd4 Nc4 19.Bc1 e5 20.Nf5 Na3+ 21.Ka1 Nxc2+ 22.Kb1 Na3+  1/2-1/2

[Event "3rd PGMA Cup"]
[Site "Manila PHI"]
[Date "2008.09.09"]
[Round "4"]
[White "Nolte,R"]
[Black "Pacis,A"]
[Result "1/2-1/2"]
[WhiteElo "2522"]
[BlackElo "2278"]

1.e4 c5 2.Nf3 Nc6 3.d4 cxd4 4.Nxd4 Qb6 5.Nb3 Nf6 6.Nc3 e6 7.Bd3 Be7 8.O-O O-O
9.Be3 Qc7 10.f4 d6 11.Qf3 a6 12.Rae1 Rb8 13.g4 b5 14.g5 Nd7 15.Qh5 g6 16.Qh6 Re8
17.Rf3 Bf8 18.Qh4 Nb4 19.Rh3 h6 20.gxh6 Kh7 21.Nd4 Be7 22.Qf2 Nxd3 23.cxd3 Nc5
24.Rd1 b4 25.Nce2 f5 26.exf5 exf5 27.Nf3 Bb7 28.Ned4 Bf6 29.Rg3 Qf7 30.h4 Qd5
31.Kh2 Rg8 32.h5 gxh5 33.Ng5+ Kh8 34.Ndf3 Rbe8 35.Bd4 Nd7 36.Rdg1 Rgf8  1/2-1/2

[Event "TCh-SRB 1st League"]
[Site "Subotica SRB"]
[Date "2008.09.11"]
[Round "10"]
[White "Marinkovic,Sl"]
[Black "Miladinovic,I"]
[Result "0-1"]
[WhiteElo "2380"]
[BlackElo "2571"]

1.e4 c5 2.Nf3 Nc6 3.d4 cxd4 4.Nxd4 Qc7 5.Nc3 e6 6.g3 a6 7.Bg2 Nge7 8.Nb3 d6
9.f4 Bd7 10.Be3 b5 11.O-O h5 12.Qd2 h4 13.a4 b4 14.Nb5 axb5 15.axb5 Rb8 16.bxc6 Nxc6
17.Nd4 hxg3 18.hxg3 Be7 19.Nxc6 Qxc6 20.Ra7 Bd8 21.Rfa1 Bb6 22.Bxb6 Qxb6+
23.Qf2 Qxf2+ 24.Kxf2 Ke7 25.e5 d5 26.Rc7 Rhc8 27.Raa7 Rxc7 28.Rxc7 Kd8 29.Rc5 b3
30.Bf3 bxc2 31.Rxc2 Rb4 32.Be2 Ba4 33.Rd2 Ke7 34.Bd3 f6 35.exf6+ gxf6 36.Be2 Kd6
37.Bf3 Bc6 38.Bd1 e5  0-1

[Event "3rd PGMA Cup"]
[Site "Manila PHI"]
[Date "2008.09.12"]
[Round "9"]
[White "Nguyen Van Huy"]
[Black "Pacis,A"]
[Result "1-0"]
[WhiteElo "2386"]
[BlackElo "2278"]

1.e4 c5 2.Nf3 Nc6 3.d4 cxd4 4.Nxd4 Qb6 5.Nb3 Nf6 6.Nc3 e6 7.Qe2 d6 8.g4 Be7
9.g5 Nd7 10.Be3 Qc7 11.O-O-O a6 12.h4 b5 13.f4 Nb6 14.Qf2 Na4 15.Nxa4 bxa4
16.Bb6 Qb7 17.Na5 Nxa5 18.Bxa5 a3 19.b3 O-O 20.Bd3 Bd8 21.Bc3 Bb6 22.Qg3 Qc7
23.e5 d5 24.Kb1 Bd7 25.Bd2 Bb5 26.Bc1 Bc5 27.h5 Bxd3 28.Qxd3 Rfc8 29.Rh3 Bb4
30.Qe2 Bf8 31.g6 fxg6 32.hxg6 h6 33.f5 exf5 34.Rxd5 Qc6 35.Qd3 Qxg6 36.Bxh6 Re8
37.Bc1 Rac8 38.Rf3 Rc6 39.Rxf5 Rec8 40.Rd7 Qe6 41.Rh5 g6 42.Rg5 Bh6 43.Rg2 Bxc1
44.Kxc1 Rf8 45.Rd8 Rxd8 46.Qxd8+ Kg7 47.Rd2 Kh6 48.Rh2+  1-0

[Event "II ROMGAZ Open"]
[Site "Bucharest ROU"]
[Date "2008.09.13"]
[Round "3"]
[White "Mamedov,Nid"]
[Black "Cosma,I"]
[Result "1-0"]
[WhiteElo "2564"]
[BlackElo "2457"]

1.e4 c5 2.Nf3 Nc6 3.d4 cxd4 4.Nxd4 Qc7 5.Nc3 e6 6.Be3 a6 7.Qd2 Nf6 8.O-O-O Be7
9.f4 b5 10.e5 Ng4 11.Nxc6 Nxe3 12.Nxe7 Nxd1 13.Nxc8 Rxc8 14.Qxd1 f5 15.Be2 O-O
16.Qd4 Rfd8 17.Rd1 Qa5 18.a3 Rc6 19.Kb1 Qb6 20.Bf3 Qxd4 21.Rxd4 Rb6 22.b4 d5
23.Kb2 Rc8 24.Ne2 Kf8 25.Rd1 Ke7 26.Nd4 h6 27.h4 Rg8 28.h5 g5 29.hxg6 Rxg6
30.Kb3 Rb7 31.a4 bxa4+ 32.Kxa4 Rc7 33.Kb3 Rb7 34.c4 dxc4+ 35.Kxc4  1-0

[Event "3rd XtraCon EMT"]
[Site "Borup DEN"]
[Date "2008.09.14"]
[Round "9"]
[White "Pitl,G"]
[Black "Jakobsen,O"]
[Result "1/2-1/2"]
[WhiteElo "2410"]
[BlackElo "2358"]

1.e4 c5 2.Nf3 Nc6 3.d4 cxd4 4.Nxd4 Qb6 5.Nb3 Nf6 6.Nc3 e6 7.f4 Bb4 8.e5 Ne4
9.Qf3 d5 10.a3 Bxc3+ 11.bxc3 f5 12.exf6 Nxf6 13.Bd3 O-O 14.Be3 Qc7 15.O-O Ne7
16.Bd4 Nc6 17.Be3 Bd7 18.Rae1 b6 19.Kh1 Rae8 20.Qg3 Qd6 21.Bc1 a5 22.Nd4 Nxd4
23.cxd4 Rc8 24.Re5 Ne4 25.Qe3 Nf6 26.Qe2 Qc6 27.Qe3 Qc3 28.Bd2 Qb2 29.Bc1 Qc3
30.Bd2  1/2-1/2

[Event "4th Pichay Cup"]
[Site "Manila PHI"]
[Date "2008.09.14"]
[Round "1"]
[White "Wan Yunguo"]
[Black "Pacis,A"]
[Result "1-0"]
[WhiteElo "2471"]
[BlackElo "2278"]

1.e4 c5 2.Nf3 Nc6 3.d4 cxd4 4.Nxd4 Qb6 5.Nb3 Nf6 6.Nc3 e6 7.Bd3 Be7 8.O-O O-O
9.Kh1 a6 10.f4 d6 11.Qe2 Qc7 12.Bd2 b5 13.a3 Rb8 14.Rae1 b4 15.axb4 Nxb4
16.Nb5 axb5 17.Bxb4 d5 18.Bxe7 Qxe7 19.e5 Ne4 20.Bxe4 dxe4 21.Nd2 Qb4 22.b3 Bb7
23.Nxe4 Bxe4 24.Qxe4 Qxe4 25.Rxe4 Rfc8 26.Re2 h5 27.Kg1 Rc3 28.Rd1 Kh7 29.g3 Rbc8
30.Rdd2 Kg6 31.Kg2 Kf5 32.Kh3 h4 33.Rd7 Rh8 34.Kg2 h3+ 35.Kf2 Rhc8 36.Rxf7+ Kg6
37.Re7 Rxc2 38.g4 Rxe2+ 39.Kxe2 Rc2+ 40.Kf3 Rxh2 41.Kg3 Rb2 42.Kxh3 Rxb3+
43.Kh4 Rf3 44.Rxe6+ Kf7 45.f5 Re3 46.g5 b4 47.g6+ Kf8 48.Kg5 Re4 49.f6 gxf6+
50.Rxf6+ Kg8 51.Kf5 Re1 52.Rb6 Rf1+ 53.Kg5 Rg1+ 54.Kf6 Rf1+ 55.Ke7 Kg7 56.e6 Kxg6
57.Ke8 Ra1 58.e7+ Kg7 59.Rb8 b3 60.Kd7 Rd1+ 61.Kc6 Rc1+ 62.Kd5 Rd1+ 63.Kc4 Rc1+
64.Kd3  1-0

[Event "Chess City 10th Ann Open"]
[Site "Elista RUS"]
[Date "2008.09.16"]
[Round "1"]
[White "Imeeva,A"]
[Black "Shovunov,B"]
[Result "1-0"]
[WhiteElo "1972"]
[BlackElo "2315"]

1.e4 c5 2.Nf3 Nc6 3.d4 cxd4 4.Nxd4 Qc7 5.Nc3 e6 6.Be2 a6 7.O-O Nf6 8.Be3 b5
9.a3 Bb7 10.Nb3 b4  1-0

[Event "Chess City 10th Ann Open"]
[Site "Elista RUS"]
[Date "2008.09.16"]
[Round "1"]
[White "Burkhach,A"]
[Black "Nyudleev,D"]
[Result "0-1"]
[WhiteElo "2137"]
[BlackElo "2409"]

1.e4 c5 2.Nf3 Nc6 3.d4 cxd4 4.Nxd4 Qb6 5.Nb3 Nf6 6.Nc3 e6 7.a3 a6 8.Be3 Qc7
9.Be2 Be7 10.f4 d6 11.Bf3 b5 12.Nd4 Bb7 13.Nxc6 Bxc6 14.O-O O-O 15.Qe2 Rac8
16.Rad1 Rfd8 17.Rd2 Qb7 18.Bd4 d5 19.exd5 Nxd5 20.Nxd5 Bxd5 21.Bxd5 Rxd5
22.c3 Rcd8 23.Rfd1 Qc7 24.Be3 Rxd2 25.Rxd2 h6 26.Rxd8+ Qxd8 27.Qd2 Qa8 28.Qd3 Qc6
29.Bd4 Qd5 30.Qg3 Bf8 31.Qe3 Bd6 32.Kf2 Qa2 33.c4 Qxc4 34.g3 Qc2+ 35.Qe2 Qc1
36.Qe1 Bxf4 37.Qe4 Qd2+ 38.Kf3 Bd6 39.Qa8+ Kh7 40.Qe4+ f5 41.Qxe6 Qxd4 42.Qxf5+ Kg8
43.Qe6+ Kf8 44.Qc8+ Ke7 45.Qxa6 Qxb2 46.Qb7+ Kf6 47.Kg4 Qxa3 48.Qxb5 Qb4+
49.Qxb4 Bxb4  0-1

[Event "II ROMGAZ Open"]
[Site "Bucharest ROU"]
[Date "2008.09.17"]
[Round "7"]
[White "Podgursky,S"]
[Black "Berescu,A"]
[Result "0-1"]
[WhiteElo "2260"]
[BlackElo "2489"]

1.e4 c5 2.Nf3 Nc6 3.d4 cxd4 4.Nxd4 Qb6 5.Nb3 Nf6 6.Nc3 e6 7.a3 a6 8.Be2 Be7
9.O-O d6 10.Qd3 O-O 11.Qg3 Kh8 12.Bf4 Qc7 13.Rad1 Ne5 14.a4 b6 15.Bc1 Bb7
16.Nd2 Rac8 17.Kh1 Qb8 18.f4 Ned7 19.Qh3 Nc5 20.Bf3 d5 21.exd5 exd5 22.Ndb1 Nce4
23.Be3 b5 24.axb5 axb5 25.Rc1 b4 26.Ne2 Rfe8 27.Nd4 Bc5 28.Be2 Nd6 29.Bd3 Nc4
30.Bg1 Nxb2 31.Bf5 Rc7 32.Nd2 Nc4 33.N2b3 Bb6 34.Rf3 Rce7 35.Qh4 h6 36.Bd3 Nd6
37.Rh3 Qc8 38.f5 Nde4 39.Rf1 Bd8 40.Qf4 Kg8 41.Qc1 Ba6 42.Bb5 Bxb5 43.Nxb5 Qc4
44.N5d4 Bb6 45.Rd3 Ng4 46.Qd1 h5 47.Nd2 Qc7 48.N2f3 Nc3 49.Qd2 Ne2 50.Nxe2 Rxe2
51.Qxb4 Bxg1 52.Kxg1 R8e4 53.Rd4 Qxc2  0-1

[Event "II ROMGAZ Open"]
[Site "Bucharest ROU"]
[Date "2008.09.19"]
[Round "9"]
[White "Zinchenko,Ya"]
[Black "Cosma,I"]
[Result "1/2-1/2"]
[WhiteElo "2523"]
[BlackElo "2457"]

1.e4 c5 2.Nf3 Nc6 3.d4 cxd4 4.Nxd4 Qc7 5.Nc3 e6 6.Be3 a6 7.Qd2 Nf6 8.O-O-O Be7
9.f3 h5 10.Kb1 b5 11.Bd3 Bb7 12.Rhe1 Ne5 13.Bg5 b4 14.Nce2 Rc8 15.f4 Nc4
16.Qc1 Nxe4 17.Bxe7 Kxe7 18.Bxe4 Bxe4 19.Ng3 d5 20.f5 e5 21.Nxe4 dxe4 22.Rxe4 Kf8
23.Nb3 Rh6 24.Rd5 Rc6 25.Qd1 Rd6 26.Rxd6 Qxd6 27.Qxd6+ Nxd6 28.Rxe5 f6 29.Rd5 Nc4
30.Nd4 Ke7 31.b3 Ne3 32.Ra5 Kd6 33.a3 bxa3 34.c4 Rc5 35.Rxa6+ Ke5 36.Ne6 Rc8
37.Nxg7 Rg8 38.Ra7 Kd4 39.Ka2 Nc2 40.c5 Kc3 41.c6 Nb4+ 42.Kxa3 Nxc6 43.Ra4 Ne5
44.Nxh5 Rb8 45.Ka2 Rxb3 46.Ra3 Rxa3+ 47.Kxa3 Nc4+ 48.Ka4 Ne3 49.Nxf6 Nxf5
50.Kb5 Kd4 51.Ng4 Nh4 52.g3 Nf5 53.Kc6 Ke4 54.Nf6+ Kf3 55.g4 Nh4 56.Kd6 Kg2
57.g5 Kxh2 58.Ke6 Kg3 59.Nd5 Kg4 60.Kf6 Kh5 61.Nf4+ Kg4 62.Nd3 Kf3 63.Ne5+ Ke4
64.Nd7 Kf4 65.Nb6 Ke4 66.Nc8 Kf4 67.Ne7 Ke4 68.Nc6 Kf4 69.Nb4 Ke4 70.Nc2 Kd3
71.Na3 Ke4 72.Nc4 Kf4 73.Ne5 Ke4 74.Nf7 Kf4 75.Nh6 Ke4 76.Ng8 Kf4 77.Ne7 Ke4
78.Kg7 Nf3 79.g6 Nh4 80.Kf6 Nxg6  1/2-1/2

[Event "Chess City 10th Ann Open"]
[Site "Elista RUS"]
[Date "2008.09.23"]
[Round "9"]
[White "Shamshin,R"]
[Black "Nyudleev,D"]
[Result "0-1"]
[WhiteElo "2186"]
[BlackElo "2409"]

1.e4 c5 2.Nf3 Nc6 3.d4 cxd4 4.Nxd4 Qb6 5.Nb3 Nf6 6.Nc3 e6 7.Bd3 a6 8.f4 d6
9.Qf3 Qc7 10.Be3 b5 11.a3 Bb7 12.O-O Rc8 13.Rae1 Be7 14.Kh1 g6 15.Bg1 O-O
16.Qe2 Nd7 17.Rf3 b4 18.axb4 Nxb4 19.Rh3 Nxd3 20.cxd3 Rfe8 21.Nd2 Nf8 22.Nf3 Bf6
23.d4 e5 24.fxe5 dxe5 25.d5 Be7 26.Rf1 f6 27.Be3 Rb8 28.Bc1 Bc8 29.Rg3 g5
30.h4 h6 31.Nh2 Ng6 32.Rd3 Qd6 33.g3 Kg7 34.h5 Nf8 35.Ng4 Bxg4 36.Qxg4 Red8
37.Nd1 Qd7 38.Qe2 Qh3+ 39.Kg1 Bc5+ 40.Nf2 Rbc8 41.Bd2 Bxf2+ 42.Qxf2 Nd7 43.Bb4 Kf7
44.Ba5 Re8 45.Rb3 Rb8 46.Rc3 Rec8 47.Rc6 Kg8 48.Qf3 Rxc6 49.dxc6 Nc5 50.Rf2 Ne6
51.Bc3 g4 52.Qxf6 Qxg3+ 53.Rg2 Qe3+ 54.Qf2 Qxe4 55.Qh4 Ng5 56.Qxg4 Qxc6 57.Qf5 Qe6
58.Qf2 Kh8 59.Qe3 Kh7 60.Re2 e4 61.Rg2 Rf8 62.Rg3 Qc4 63.Kh2 Qf1  0-1

[Event "TCh-NED 2008-9"]
[Site "Netherlands NED"]
[Date "2008.09.27"]
[Round "1"]
[White "Burg,T"]
[Black "Berkvens,J"]
[Result "0-1"]
[WhiteElo "2359"]
[BlackElo "2431"]

1.e4 c5 2.Nf3 Nc6 3.d4 cxd4 4.Nxd4 Qb6 5.Nb3 Nf6 6.Bd3 e6 7.O-O Be7 8.Be3 Qc7
9.f4 d6 10.c4 Nb4 11.Nc3 Nxd3 12.Qxd3 b6 13.e5 dxe5 14.Nb5 Qc6 15.fxe5 Bb7
16.Qe2 Ne4 17.N3d4 Qc8 18.Qg4 g6 19.Bh6 Bc5 20.Kh1 Qd7 21.Rae1 a6 22.Rxe4 axb5
23.Ref4 Rxa2 24.Ne2 Rxb2 25.h4 f5 26.exf6 Kf7 27.h5 Qd3 28.Re1 Rd8 29.Nc1 Qd6
30.Re2 Qd1+ 31.Kh2 Qg1+ 32.Kh3 Rxe2 33.Qxe2 Qxc1 34.hxg6+ hxg6 35.Rh4 Qh1+
36.Kg3 Bd6+ 37.Kg4 Qb1 38.Bf4 Qf5+ 39.Kg3 Bxf4+ 40.Rxf4 Rd3+ 41.Kh4 Qxf4+
42.g4 Qh6+  0-1

[Event "58th TCh m 1st Div"]
[Site "Borovets BUL"]
[Date "2008.10.01"]
[Round "1"]
[White "Bonev,T"]
[Black "Andonov,B"]
[Result "0-1"]
[WhiteElo "2270"]
[BlackElo "2328"]

1.e4 c5 2.Nf3 Nc6 3.d4 cxd4 4.Nxd4 Qc7 5.Nc3 e6 6.Be3 Nf6 7.Bd3 a6 8.O-O Nxd4
9.Bxd4 Bc5 10.Bxc5 Qxc5 11.Kh1 e5 12.f4 d6 13.Na4 Qc7 14.c4 exf4 15.Rxf4 Be6
16.Rc1 Nd7 17.Nc3 d5 18.Qd2 dxc4 19.Nd5 Bxd5 20.exd5 Ne5 21.Bxc4 Qd6 22.Bb3 O-O
23.Rf5 g6 24.Rff1 Kg7 25.Qd4 Rac8 26.h3 f6 27.Rc3 Rfe8 28.Rfc1 Rxc3 29.Qxc3 Nf7
30.Kg1 Re7 31.a3 Qb6+ 32.Qc5 Qxc5+ 33.Rxc5 Nd6 34.Rc2 f5 35.Kf2 Kf6 36.Kf3 g5
37.Rd2 h5 38.Rd4 Re4 39.Rd2 f4 40.Rd3 Ke5 41.Rc3 Nb5 42.Rd3 Rd4 43.Ke2 g4
44.hxg4 hxg4 45.Bd1 Kxd5 46.Kd2 f3 47.gxf3 g3 48.Rxd4+ Nxd4 49.Ke3 Nf5+ 50.Ke2 Ke5
51.Ke1 Kf4 52.Bb3 Nd4 53.Bd5 Nc2+ 54.Ke2 b6 55.Bb7 a5 56.Kf1 Ne3+ 57.Kg1 Nc4
58.b3 Nxa3 59.Be4 Nb5 60.Kg2 Nc3 61.Bc6 b5  0-1

[Event "58th TCh m 1st Div"]
[Site "Borovets BUL"]
[Date "2008.10.02"]
[Round "2"]
[White "Karakehajov,K"]
[Black "Bratanov,Z"]
[Result "1/2-1/2"]
[WhiteElo "2486"]
[BlackElo "2467"]

1.e4 c5 2.Nf3 Nc6 3.d4 cxd4 4.Nxd4 Qc7 5.Nc3 e6 6.g3 a6 7.Bg2 Nf6 8.O-O d6
9.Re1 Nd7 10.Bg5 Nde5 11.Nxc6 bxc6 12.b3 Bb7 13.Qd2 c5 14.f4 h6 15.fxe5 hxg5
16.exd6 Bxd6 17.e5 Bxe5 18.Rxe5 Qxe5 19.Bxb7 Rd8 20.Qe1 Qd4+ 21.Kh1 Qd2 22.Bg2 Qxc2
23.Ne4 g4 24.Qg1 Rd5 25.Qc1 Qd3 26.Qf4 Rdh5 27.Nf2 Qd4 28.Qxd4 Rxh2+ 29.Kg1 cxd4
30.Rc1 R2h5 31.Rc6 Kd7 32.Rxa6 Rc8 33.Nd3 Rc3 34.Ra7+ Kd6 35.Ra6+ Kd7 36.Bf1 Rd5
37.b4 f5 38.Nc5+ Rdxc5 39.bxc5 Rxc5 40.Kf2 Rc2+ 41.Ke1 Rc1+  1/2-1/2

[Event "YUURGU-65 GM"]
[Site "Chelyabinsk RUS"]
[Date "2008.10.03"]
[Round "2"]
[White "Gabrielian,A"]
[Black "Matsenko,S"]
[Result "1/2-1/2"]
[WhiteElo "2486"]
[BlackElo "2447"]

1.e4 c5 2.Nf3 Nc6 3.d4 cxd4 4.Nxd4 Qc7 5.Nc3 e6 6.Be3 a6 7.Qd2 Nf6 8.O-O-O Bb4
9.f3 Ne5 10.Nb3 b5 11.Qe1 Be7 12.f4 Ng6 13.e5 Ng4 14.Ne4 O-O 15.Bc5 f5 16.Bxe7 Nxe7
17.Nec5 Nd5 18.Rxd5 exd5 19.h3 Nh6 20.Qd2 Rb8 21.Qxd5+ Nf7 22.Nd4 g6 23.Be2 Bb7
24.Nxb7 Qxb7 25.Qxb7 Rxb7 26.Rd1 Re8 27.Bf3 Rb6 28.g4 fxg4 29.Bxg4 Re7 30.Nf3 g5
31.Bxd7 gxf4 32.e6  1/2-1/2

[Event "1st WMSG Blitz Ind w"]
[Site "Beijing CHN"]
[Date "2008.10.04"]
[Round "11"]
[White "Tagnon,N"]
[Black "Peng Zhaoqin"]
[Result "0-1"]
[WhiteElo "1956"]
[BlackElo "2455"]

1.e4 c5 2.Nf3 Nc6 3.d4 cxd4 4.Nxd4 Qc7 5.Nc3 e6 6.Be2 a6 7.O-O Nf6 8.Kh1 Nxd4
9.Qxd4 Bc5 10.Qd3 h5 11.h3 b5 12.f4 Bb7 13.Bf3 b4 14.Nd1 a5 15.Be3 Ba6  0-1

[Event "TCh-BEL 2008-9"]
[Site "Belgium BEL"]
[Date "2008.10.05"]
[Round "1"]
[White "Erwich,M"]
[Black "Lazarev,V"]
[Result "1/2-1/2"]
[WhiteElo "2415"]
[BlackElo "2479"]

1.e4 c5 2.Nf3 Nc6 3.d4 cxd4 4.Nxd4 Qc7 5.Nc3 e6 6.Be3 a6 7.f4 b5 8.Qf3 Bb7
9.Bd3 Nb4 10.O-O Nf6 11.a3 Nxd3 12.cxd3 Be7 13.Rac1 Qd8 14.b4 O-O 15.Nb3 Rc8
16.Qg3 d6 17.f5 e5 18.Na5 Ba8 19.Bh6 Nh5 20.Qg4 Kh8 21.Qxh5 gxh6 22.Nd5 Rxc1
23.Rxc1 Bxd5 24.exd5 Qb6+ 25.Kh1 Qe3 26.Rd1 e4 27.dxe4 Qxe4 28.Qxh6 Qxf5
29.Nc6  1/2-1/2

[Event "Belgrade Premier League"]
[Site "Belgrade SRB"]
[Date "2008.10.10"]
[Round "6"]
[White "Nestorovic,N"]
[Black "Spasojevic,Z"]
[Result "1/2-1/2"]
[WhiteElo "2393"]
[BlackElo "2250"]

1.e4 c5 2.Nf3 Nc6 3.d4 cxd4 4.Nxd4 Qc7 5.Nc3 e6 6.Be3 a6 7.Qd2 Nf6 8.O-O-O Bb4
9.f3 d5 10.a3 Be7 11.exd5 exd5 12.g4 h6 13.h4 Be6 14.Bh3 Nxd4 15.Bxd4 O-O-O
16.Kb1 Bc5 17.Na4 Bxd4 18.Qxd4 Kb8 19.Rhe1 Rd6 20.Bf1 Rc8 21.Nc3 Rc6 22.Qe5 Qxe5
23.Rxe5 Nd7 24.Re3 Nb6 25.Rd4 Nc4 26.Bxc4 Rxc4 27.Red3 g5 28.hxg5 hxg5 29.Rd2 Rxd4
30.Rxd4 Rh8 31.Nxd5 Rh1+ 32.Ka2 Rf1 33.c4 Rxf3 34.Re4 b5 35.b3 Rf2+ 36.Kb1 Bxd5
37.cxd5  1/2-1/2

[Event "Belgrade Premier League"]
[Site "Belgrade SRB"]
[Date "2008.10.11"]
[Round "7"]
[White "Djuric,P SRB"]
[Black "Spasojevic,Z"]
[Result "1/2-1/2"]
[WhiteElo "2258"]
[BlackElo "2250"]

1.e4 c5 2.Nf3 Nc6 3.d4 cxd4 4.Nxd4 Qc7 5.Nc3 e6 6.Nb3 a6 7.Bd3 Nf6 8.Qe2 Be7
9.O-O O-O 10.f4 d6 11.Kh1 b5 12.a3 Bb7 13.Bd2 Rac8 14.Rae1 b4 15.axb4 Nxb4
16.Nb5 axb5 17.Bxb4 d5 18.Ba5 Qb8 19.e5 Ne4 20.Bxb5 f6 21.Bd7 fxe5 22.Bxe6+ Kh8
23.Bxc8 Rxc8 24.f5 Rc6 25.Rf3 Qc8 26.Bc3 Bf6 27.Qd1 Nxc3 28.Rxc3 Rxc3 29.bxc3 Qxc3
30.Qd2 Qc8 31.Qb4 d4 32.Nc5 Bd5 33.Ne6 Kg8 34.Rb1 Bxe6 35.fxe6 Qxe6 36.Qb3 Kf7
37.Kg1 e4 38.Kf2 Qxb3 39.Rxb3 Ke6 40.Rb5 Kd6 41.Rh5 h6 42.Ra5 Be5 43.g3 Bf6
44.Ra8 Kd5 45.Ke2 Be5 46.Rd8+ Kc4 47.Rd7 Bf6 48.Rc7+ Kd5 49.Rc8 Ke5 50.Rc5+ Kd6
51.Rf5 Be5 52.Kf2 Ke6 53.Rf8 Bf6 54.Re8+ Kd5 55.Ke2 Be5 56.Rd8+ Ke6 57.c3 dxc3
58.Ke3 Bf6 59.Rc8 Kd5 60.Ke2 Kd4 61.Rc7 Be5 62.Rc8 Bf6 63.Rc7 h5 64.Rc8 h4
65.gxh4 Bxh4 66.Rc7 Bf6 67.h4 Kd5 68.h5 Bd4 69.Rd7+ Kc4 70.Re7 Kb3 71.Rb7+ Kc4
72.Re7 Kd5 73.Rd7+ Kc5 74.Re7  1/2-1/2

[Event "28th OIS"]
[Site "Munich GER"]
[Date "2008.10.11"]
[Round "1"]
[White "Forgach,A"]
[Black "Terekhov,A"]
[Result "0-1"]
[WhiteElo "2034"]
[BlackElo "2322"]

1.e4 c5 2.Nf3 Nc6 3.d4 cxd4 4.Nxd4 Qb6 5.Nb3 Nf6 6.Nc3 e6 7.Be3 Qc7 8.Bd3 d6
9.O-O a6 10.a4 b6 11.f4 Be7 12.Qf3 O-O 13.Kh1 Bb7 14.Rae1 Nb4 15.Qg3 Nd7
16.Bd4 Bf6 17.e5 dxe5 18.fxe5 Nxd3 19.cxd3 Be7 20.Nd2 Rae8 21.Nde4 f5 22.exf6 Qxg3
23.hxg3 gxf6 24.Be3 f5 25.Ng5 Bd6 26.Bf2 e5 27.Nf3 e4 28.dxe4 fxe4 29.Nd2 Rxf2
30.Rxf2 Bxg3 31.Rfe2 Bxe1 32.Rxe1 Nc5 33.b4 Nd3 34.Re2 Nxb4 35.Ndxe4 Bxe4
36.Rxe4 Rxe4 37.Nxe4 Kf7 38.Kg1 Ke6 39.Kf2 Kd5 40.Ke3 Nc2+ 41.Kd3 Ne1+ 42.Ke2  0-1